000 00603nam a22002177a 4500
005 20231208120015.0
008 231208b |||||||| |||| 00| 0 eng d
020 _a9789384082529
_cRs. 650.00
040 _aMAIN
082 _a954.01
_bC392E(2)
100 _aChattopadhyaya, Brajadulal
245 _aEssay in ancient Indian economic history
250 _a2nd
260 _aDelhi
_bPrimus Books
_c2022
300 _axvii, 240
440 _aIndian history congress monograph series
650 _aHistory
650 _aIndian History
700 _aBhattacharya, Sabyasachi, S, ed.
942 _cBK
999 _c309586
_d309586